Seven wonders of the ancient world / (Record no. 8939)
[ view plain ]
| 000 -LEADER | |
|---|---|
| fixed length control field | 01773nam a22002657a 4500 |
| 001 - CONTROL NUMBER | |
| control field | 8939 |
| 003 - CONTROL NUMBER IDENTIFIER | |
| control field | FISKH |
| 005 - DATE AND TIME OF LATEST TRANSACTION | |
| control field | 20251110162115.0 |
| 008 - FIXED-LENGTH DATA ELEMENTS--GENERAL INFORMATION | |
| fixed length control field | 251110b cb ||||| |||| 00| 0 eng d |
| 020 ## - INTERNATIONAL STANDARD BOOK NUMBER | |
| International Standard Book Number | 9781338060676 |
| 040 ## - CATALOGING SOURCE | |
| Original cataloging agency | FISKH |
| Language of cataloging | eng |
| Transcribing agency | FISKH |
| Modifying agency | FISKH |
| 050 ## - LIBRARY OF CONGRESS CALL NUMBER | |
| Classification number | N5333.M348 |
| 082 ## - DEWEY DECIMAL CLASSIFICATION NUMBER | |
| Classification number | 930 |
| 100 ## - MAIN ENTRY--PERSONAL NAME | |
| Personal name | McHugh, Arianne |
| Relator term | Author |
| 245 ## - TITLE STATEMENT | |
| Title | Seven wonders of the ancient world / |
| Statement of responsibility, etc. | Arianne McHugh |
| 260 ## - PUBLICATION, DISTRIBUTION, ETC. | |
| Place of publication, distribution, etc. | New York : |
| Name of publisher, distributor, etc. | Scholastic , |
| Date of publication, distribution, etc. | 2015 |
| 300 ## - PHYSICAL DESCRIPTION | |
| Extent | 52 pages : |
| Other physical details | color illustrations ; |
| Dimensions | 21 cm |
| 505 ## - FORMATTED CONTENTS NOTE | |
| Formatted contents note | C<br/> |
| 520 ## - SUMMARY, ETC. | |
| Summary, etc. | Themes: Seven Ancient Wonders Of The World, History, Great Pyramids at Giza, Statue of Zeus at Olympia, Temple of Artemis, Hanging Gardens of Babylon, Lighthouse of Alexandria, Colossus at Rhodes, Mausoleum of Halicarnassus, Nonfiction, Tween, Emergent Reader, Chapter Book, Hi-Lo, Hi-Lo Books, Hi-Lo Solutions, High-Low Books, Hi-Low Books, ELL, EL, ESL, Struggling Learner, Struggling Reader, Special Education, SPED, Newcomers, Reading, Learning, Education, Educational, Educational Books. Only one of the seven wonders of the ancient world--the pyramids of Giza--remain relatively intact, but through ancient texts and legends, the other six wonders come to life. Engage your most struggling readers in grades 4-7 with Red Rhino Nonfiction! This new series features high-interest topics in every content area. Visually appealing full-color photographs and illustrations, fun facts, and short chapters keep emerging readers focused. Written at a 1.5-1.9 readability level, these books include pre-reading comprehension questions and a 20-word glossary for comprehension support. |
| 521 8# - TARGET AUDIENCE NOTE | |
| Target audience note | 110<br/> |
| Source | Lexile<br/> |
| 521 8# - TARGET AUDIENCE NOTE | |
| Target audience note | C<br/> |
| Source | Raz-Plus<br/> |
| 650 ## - SUBJECT ADDED ENTRY--TOPICAL TERM | |
| Topical term or geographic name entry element | Non-fiction |
| Form subdivision | Pyramids |
| 942 ## - ADDED ENTRY ELEMENTS (KOHA) | |
| Source of classification or shelving scheme | Dewey Decimal Classification |
| Koha item type | Books |
| Suppress in OPAC | No |
| Withdrawn status | Lost status | Source of classification or shelving scheme | Damaged status | Not for loan | Home library | Current library | Shelving location | Date acquired | Total Checkouts | Full call number | Barcode | Date last seen | Copy number | Price effective from | Koha item type |
|---|---|---|---|---|---|---|---|---|---|---|---|---|---|---|---|
| Dewey Decimal Classification | Footprints International School Library Network Toul Tom Poung Campus | Footprints International School Library Network Toul Tom Poung Campus | TTP Primary Green Bookshelves | 11/10/2025 | MCH 930 N5333.M348 | FIS05564 | 11/10/2025 | 1 | 11/10/2025 | Books |
